Monsters vs aliens [DVD/videorecording]. ... Read More
Available copies
- 2 of 2 copies available at LARL/NWRL Consortium. (Show)
- 2 of 2 copies available at Northwest Regional Library.
Current holds
0 current holds with 2 total copies.
Show All Copies
| Location | Call Number / Copy Notes | Barcode | Shelving Location | Status | Due Date |
|---|---|---|---|---|---|
| Hallock Public Library | DVD j MON (Text) | 35500005333149 | Main | Available | - |
| Warroad Public Library | DVD j MON (Text) | 35500005333123 | Main | Available | - |
Record details
- Physical Description: 1 videodisc (198 min.) : sound, color ; 4 3/4 in.
- Publisher: Place of publication not identified : Publisher not identified, 2014
Content descriptions
| General Note: | Title from web page. |
| Summary, etc.: | The monstrous laughs and enormous adventures ... Read More |
| System Details Note: | DVD, widescreen (1.78:1); Dolby Digital 5.1. |
| Language Note: | English dialogue; Spanish, English or French ... Read More |
Search for related items by subject
| Subject: | Monsters > Juvenile films. Extraterrestrial beings > Juvenile films. Monsters > Drama. Extraterrestrial beings > Drama. |
| Genre: | Animated television programs. Children's television programs. |
| LDR | 02680cgm a2200529Ki 4500 | ||
|---|---|---|---|
| 001 | 163826 | ||
| 003 | LARL_NWRL_CONSORTIUM | ||
| 005 | 20140319153336.0 | ||
| 007 | vd cvaizq | ||
| 008 | 140116s2014 xx 198 vaeng d | ||
| 024 | 1 | . | ‡a024543896562 |
| 028 | 4 | 2. | ‡aD100179 ‡b20th Century Fox Home Entertainment |
| 035 | . | ‡a(OCoLC)868241346 | |
| 037 | . | ‡bMidwest Tape ‡nhttp://www.midwesttapes.com | |
| 040 | . | ‡aTEFMT ‡beng ‡erda ‡cTEFMT ‡dBDX ‡dTEF | |
| 041 | 1 | . | ‡aeng ‡jeng ‡jfre ‡jspa ‡heng |
| 050 | 4. | ‡aPN1992.77 ‡b.M66 2014 | |
| 082 | 0 | 4. | ‡a791.45/75 ‡223 |
| 245 | 0 | 0. | ‡aMonsters vs aliens ‡h[DVD/videorecording]. ‡pSupersonic joyride. |
| 246 | 3 | 0. | ‡aSupersonic joyride |
| 260 | . | ‡aPlace of publication not identified : ‡bPublisher not identified, ‡c2014 | |
| 260 | . | ‡aLos Angeles, CA : ‡b20th Century Fox Home Entertainment | |
| 300 | . | ‡a1 videodisc (198 min.) : ‡bsound, color ; ‡c4 3/4 in. | |
| 336 | . | ‡atwo-dimensional moving image ‡btdi ‡2rdacontent | |
| 337 | . | ‡avideo ‡bv ‡2rdamedia | |
| 338 | . | ‡avideodisc ‡bvd ‡2rdacarrier | |
| 344 | . | ‡adigital ‡boptical ‡2rda | |
| 347 | . | ‡avideo file ‡bDVD video ‡2rda | |
| 538 | . | ‡aDVD, widescreen (1.78:1); Dolby Digital 5.1. | |
| 500 | . | ‡aTitle from web page. | |
| 546 | . | ‡aEnglish dialogue; Spanish, English or French subtitles. | |
| 520 | . | ‡aThe monstrous laughs and enormous adventures continue with an action-packed collection of Monsters vs. Aliens TV episodes inspired by DreamWorks Animation₂s hit movie. Buckle up for a joyride of fun and the members of Team Monster (Susan, Link, Dr. Cockroach, Ph.D. and B.O.B., the gelatinous blob) work together to save the world from an outrageous assortment of power-hungry aliens, including a few new colorful characters! | |
| 650 | 0. | ‡aMonsters ‡vJuvenile films. | |
| 650 | 0. | ‡aExtraterrestrial beings ‡vJuvenile films. | |
| 650 | 1. | ‡aMonsters ‡vDrama. | |
| 650 | 1. | ‡aExtraterrestrial beings ‡vDrama. | |
| 655 | 7. | ‡aAnimated television programs. ‡2lcgft ‡0(LARL_NWRL_CONSORTIUM)175705 | |
| 655 | 7. | ‡aChildren's television programs. ‡2lcgft ‡0(LARL_NWRL_CONSORTIUM)175766 | |
| 710 | 2 | . | ‡aTwentieth Century Fox Home Entertainment, Inc. ‡efilm distributor. ‡0(LARL_NWRL_CONSORTIUM)140752 |
| 948 | . | ‡hNO HOLDINGS IN LAL - 222 OTHER HOLDINGS | |
| 994 | . | ‡aZ0 ‡bLAL | |
| 901 | . | ‡a163826 ‡bOCLC ‡c163826 ‡tbiblio | |

Add to basket
Permalink
Disable Highlighting